000 00203nam a22000857a 4500
008 170624b xxu||||| |||| 00| 0 eng d
100 _93652
_aCBSE
245 _aSample Question paper -XII
260 _bCBSE
_c2008
999 _c7050
_d7050